| 000 | 00499nam a2200157Ia 4500 | ||
|---|---|---|---|
| 008 | 210716s1999 xx 000 0 und d | ||
| 020 | _a812032305X | ||
| 041 | _aeng | ||
| 082 | _a338.5 BUML | ||
| 100 | _aBumas, Lester O. | ||
| 245 |
_aIntermediate microeconomics; neoclassical and factually - oriented models. _bNeoclassical and factually - oriented models. |
||
| 250 | _a1 | ||
| 260 |
_aNew Delhi _bPrentice Hall of India PVt Ltd _c1999 |
||
| 300 | _axxviii, 525 | ||
| 650 | _aGeneral Knowledge | ||
| 999 |
_c197647 _d197647 |
||